British sitcoms by catchphrase - Statistics

General Stats
  • This quiz has been taken 194 times
  • The average score is 11 of 17
Answer Stats
Catchphrase Sitcom % Correct
"He’s from Barcelona" Fawlty Towers
85%
"Listen very carefully, I shall say ziss only once" 'Allo! 'Allo!
79%
"Lovely Jubbly" Only Fools and Horses
79%
"I don't believe it!" One Foot in the Grave
77%
"I have a cunning plan" Blackadder
76%
"Don't panic!" Dad's Army
76%
"No no no no no... yes" The Vicar of Dibley
74%
"Computer says no" Little Britain
70%
"Oh Betty!" Some Mothers Do 'Ave 'Em
66%
"It's my sister Violet, the one with a swimming pool, sauna and room for a pony" Keeping Up Appearances
65%
"You dirty old man" Steptoe and Son
62%
"I’m Free!" Are You Being Served?
60%
"Drink!" Father Ted
53%
"I 'ate you, Butler!" On the Buses
51%
"Thank you very much, Jerry!" The Good Life
48%
"Smoke me a kipper; I'll be back for breakfast!" Red Dwarf
31%
"Silly old moo!" Til Death Us Do Part
15%
No matching quizzes found
Score Distribution
Percent of People with Each Score
Percentile by Number Answered
Your Score History
You have not taken this quiz